[Event "Wch Seniors 50 26th"]
[Site "Marianske Lazne"]
[Date "2016.11.20"]
[Round "2"]
[White "Dobes, Ludek"]
[Black "Vlcek, Antonin"]
[Result "0-1"]
[WhiteElo "2038"]
[BlackElo "1798"]
[PlyCount "84"]
[EventDate "2016.11.19"]
[EventType "swiss"]
[EventRounds "11"]
[EventCountry "CZE"]
[SourceTitle "CBM 175 Extra"]
[Source "ChessBase"]
[SourceDate "2016.12.12"]
[SourceVersion "1"]
[SourceVersionDate "2016.12.12"]
[SourceQuality "1"]

1. Nf3 Nf6 2. d4 d5 3. g3 e6 4. Bg2 c5 5. 0-0 cxd4 6. Nxd4 Nc6 7. c4 Bc5 8. Nb3 Be7 9. cxd5 Nxd5 10. e4 Ndb4 11. Qe2 b6 12. Rd1 Qc7 13. a3 Ba6 14. Qg4 Nc2 15. Qxg7 Qe5 16. Qg4 Nxa1 17. Nxa1 h5 18. Qf4 Qxf4 19. Bxf4 e5 20. Be3 Rd8 21. Rc1 Nd4 22. Nc3 Rc8 23. Bf1 Bxf1 24. Kxf1 h4 25. g4 h3 26. Nc2 Nf3 27. Ke2 Nd4+ 28. Nxd4 exd4 29. Bxd4 Rg8 30. Rg1 Bc5 31. Be5 Rg5 32. Bf4 Rg6 33. Nd5 Bd4 34. Nc7+ Ke7 35. b3 Rc6 36. Rd1 Rc2+ 37. Kd3 R2xc7 38. Bxc7 Rxc7 39. f4 Bb2 40. a4 Rd7+ 41. Ke2 Rxd1 42. Kxd1 Bd4 0-1

[Event "Ostrava Seniors op"]
[Site "Ostrava"]
[Date "2014.05.02"]
[Round "7"]
[White "Briza, Jiri"]
[Black "Vlcek, Antonin"]
[Result "1-0"]
[WhiteElo "1910"]
[BlackElo "1835"]
[PlyCount "95"]
[EventDate "2014.04.26"]
[EventType "swiss"]
[EventRounds "9"]
[EventCountry "CZE"]
[SourceTitle "CBM 160 Extra"]
[Source "ChessBase"]
[SourceDate "2014.07.01"]
[SourceVersion "1"]
[SourceVersionDate "2014.07.01"]
[SourceQuality "1"]

1. d4 Nf6 2. Nf3 d5 3. e3 c6 4. Bd3 Bg4 5. 0-0 Nbd7 6. Be2 Qc7 7. Nbd2 e6 8. c4 b6 9. b3 Bd6 10. h3 Bf5 11. Bb2 h6 12. Rc1 a6 13. cxd5 exd5 14. Ne5 c5 15. Ndf3 0-0 16. Bd3 Ne4 17. Nxd7 Qxd7 18. Bxe4 dxe4 19. dxc5 bxc5 20. Nd2 Qe6 21. Nc4 Bc7 22. Qh5 Kh7 23. f4 exf3 24. Qxf3 Be4 25. Qg4 Qxg4 26. hxg4 Rad8 27. Rfd1 f6 28. Ba3 Rxd1+ 29. Rxd1 Rd8 30. Rxd8 Bxd8 31. Nd2 f5 32. Nxe4 fxe4 33. Bxc5 Bc7 34. b4 Kg6 35. Bd4 Bd6 36. a3 Kf7 37. Kf2 g6 38. Ke2 Ke6 39. Kd2 Kd5 40. Kc3 Bg3 41. a4 Be1+ 42. Kb3 h5 43. gxh5 gxh5 44. b5 axb5 45. axb5 Ba5 46. b6 Be1 47. b7 Bg3 48. Ba7 1-0

[Event "Ostrava Seniors op"]
[Site "Ostrava"]
[Date "2014.04.30"]
[Round "5"]
[White "Vinklarek, Vlastimil"]
[Black "Vlcek, Antonin"]
[Result "1/2-1/2"]
[WhiteElo "1762"]
[BlackElo "1835"]
[PlyCount "120"]
[EventDate "2014.04.26"]
[EventType "swiss"]
[EventRounds "9"]
[EventCountry "CZE"]
[SourceTitle "CBM 160 Extra"]
[Source "ChessBase"]
[SourceDate "2014.07.01"]
[SourceVersion "1"]
[SourceVersionDate "2014.07.01"]
[SourceQuality "1"]

1. d4 Nf6 2. c4 e6 3. Nc3 Bb4 4. Bg5 h6 5. Bd2 d5 6. e3 0-0 7. Qc2 c5 8. a3 cxd4 9. exd4 Bxc3 10. Bxc3 b6 11. cxd5 exd5 12. Nf3 Re8+ 13. Ne5 Ne4 14. Bb5 Bd7 15. Bxd7 Nxd7 16. 0-0 Nxe5 17. dxe5 Rc8 18. f4 Qc7 19. Rad1 Qc5+ 20. Kh1 f5 21. Qe2 Re6 22. Bd4 Qe7 23. Rc1 Rcc6 24. Rxc6 Rxc6 25. g3 Qc7 26. Qb5 Qd7 27. Kg1 Kf7 28. Rd1 Ke6 29. Be3 h5 30. Rd4 Rc7 31. Qxd7+ Rxd7 32. Rd1 Rc7 33. Rc1 Rxc1+ 34. Bxc1 d4 35. Kf1 d3 36. Be3 Kd5 37. b3 Nc3 38. Ke1 Ke4 39. Bc1 Nb5 40. Bb2 Nc7 41. Kd2 Nd5 42. a4 g5 43. h4 gxf4 44. gxf4 Nxf4 45. Bc3 Ne6 46. b4 a6 47. Bb2 f4 48. Bc3 f3 49. Ke1 a5 50. bxa5 bxa5 51. Kf2 Nd4 52. Bxa5 Kxe5 53. Ke3 Kd5 54. Bc3 Nc2+ 55. Kxf3 Kc4 56. Bd2 Nd4+ 57. Ke4 Nb3 58. Ke3 Nc5 59. a5 Kb5 60. Kd4 Nb3+ 1/2-1/2

[Event "Ostrava Konik op-B"]
[Site "Ostrava"]
[Date "2012.05.02"]
[Round "5"]
[White "Tomanek, Marek"]
[Black "Vlcek, Antonin"]
[Result "0-1"]
[WhiteElo "1886"]
[BlackElo "1861"]
[PlyCount "72"]
[EventDate "2012.04.28"]
[EventType "swiss"]
[EventRounds "9"]
[EventCountry "CZE"]
[SourceTitle "CBM 148 Extra"]
[Source "ChessBase"]
[SourceDate "2012.06.22"]
[SourceVersion "1"]
[SourceVersionDate "2012.06.22"]
[SourceQuality "1"]

1. e4 e5 2. Nf3 Nc6 3. Bc4 Bc5 4. c3 Nf6 5. 0-0 d6 6. d3 Bg4 7. h3 Bh5 8. Be3 Bb6 9. Nbd2 Qd7 10. b4 0-0 11. a4 a6 12. Qb3 Nd8 13. Bxb6 cxb6 14. Rae1 b5 15. axb5 axb5 16. Bd5 Ne6 17. Bxe6 fxe6 18. Ng5 Rae8 19. Re3 h6 20. Ngf3 Qc7 21. d4 exd4 22. Nxd4 Qd7 23. Ra1 Bf7 24. Qc2 e5 25. N4b3 Nh5 26. Ra7 Ra8 27. Qa2 Rxa7 28. Qxa7 Bxb3 29. Nxb3 Qf7 30. Qa2 Nf4 31. Nc1 Qxa2 32. Nxa2 Ra8 33. Nc1 Ra1 34. Re1 Rxc1 35. Rxc1 Ne2+ 36. Kf1 Nxc1 0-1

[Event "Ostrava Konik op-A"]
[Site "Ostrava"]
[Date "2011.05.05"]
[Round "6"]
[White "Vlcek, Antonin"]
[Black "Borovicka, Bohumil"]
[Result "0-1"]
[WhiteElo "1957"]
[BlackElo "2022"]
[PlyCount "36"]
[EventDate "2011.04.30"]
[EventType "swiss"]
[EventRounds "9"]
[EventCountry "CZE"]
[SourceTitle "CBM 142 Extra"]
[Source "ChessBase"]
[SourceDate "2011.06.27"]
[SourceVersion "1"]
[SourceVersionDate "2011.06.27"]
[SourceQuality "1"]

1. e4 e6 2. d4 d5 3. Nc3 dxe4 4. Nxe4 Qd5 5. Bd3 Nc6 6. Nf3 Nf6 7. Nxf6+ gxf6 8. c4 Qh5 9. Be2 Qg6 10. 0-0 Rg8 11. g3 Bd7 12. Nh4 Qe4 13. Bf3 Qxh4 14. Kh1 Qxd4 15. Qc2 f5 16. Be3 Qf6 17. Rad1 0-0-0 18. Qa4 a6 0-1

[Event "Ostrava Konik op-A"]
[Site "Ostrava"]
[Date "2011.04.30"]
[Round "1"]
[White "Kratochvil, Karel"]
[Black "Vlcek, Antonin"]
[Result "1-0"]
[WhiteElo "2212"]
[BlackElo "1957"]
[PlyCount "41"]
[EventDate "2011.04.30"]
[EventType "swiss"]
[EventRounds "9"]
[EventCountry "CZE"]
[SourceTitle "CBM 142 Extra"]
[Source "ChessBase"]
[SourceDate "2011.06.27"]
[SourceVersion "1"]
[SourceVersionDate "2011.06.27"]
[SourceQuality "1"]

1. d4 Nf6 2. c4 e6 3. Nc3 Bb4 4. f3 d5 5. Bg5 h6 6. Bh4 Nbd7 7. e3 c6 8. Bd3 dxc4 9. Bxc4 Qa5 10. Nge2 Nd5 11. Qd2 b5 12. Bb3 Bb7 13. 0-0 0-0 14. a3 Be7 15. Bg3 c5 16. Rfd1 c4 17. Nxd5 Qxd2 18. Nxe7+ Kh8 19. Rxd2 cxb3 20. Rc1 Nb6 21. Rc7 1-0

[Event "Ostrava op"]
[Site "Ostrava"]
[Date "2010.05.04"]
[Round "4"]
[White "Vlcek, Antonin"]
[Black "Tylecek, Drahomir"]
[Result "1/2-1/2"]
[WhiteElo "1735"]
[BlackElo "2000"]
[PlyCount "38"]
[EventDate "2010.05.01"]
[EventType "swiss"]
[EventRounds "9"]
[EventCountry "CZE"]
[SourceTitle "EXT 2011"]
[Source "ChessBase"]
[SourceDate "2010.11.26"]
[SourceVersion "1"]
[SourceVersionDate "2010.11.26"]
[SourceQuality "1"]

1. e4 e5 2. Nf3 Nc6 3. Bb5 f5 4. Nc3 Nf6 5. d3 d6 6. Bg5 Be7 7. 0-0 0-0 8. Bc4+ Kh8 9. Bxf6 Bxf6 10. Nd5 fxe4 11. dxe4 Bg4 12. Be2 Be6 13. c3 Ne7 14. Nxf6 gxf6 15. Nh4 f5 16. Nxf5 Nxf5 17. exf5 Bxf5 18. f4 Bg6 19. fxe5 dxe5 1/2-1/2